[Event "Crewe Open"]
[Site "Crewe"]
[Date "2025.06.27"]
[Round "1.1"]
[White "Ashton, Adam G"]
[Black "Zachariassen, Bjarne"]
[Result "1/2-1/2"]
[WhiteElo "2276"]
[BlackElo "1945"]
[PlyCount "128"]
[EventDate "2025.06.27"]
[EventType "swiss"]
[EventRounds "5"]
[EventCountry "ENG"]
[SourceTitle "BritBase"]
[Source "John Saunders"]
[SourceDate "2025.07.10"]
[SourceVersion "1"]
[SourceVersionDate "2025.07.10"]
[SourceQuality "1"]

1. e4 c5 2. Nf3 Nc6 3. Bb5 Qb6 4. Nc3 e6 5. O-O Nge7 6. Re1 Nd4 7. Bf1 Ng6 8. b3 Be7 9. Bb2 Nxf3+ 10. Qxf3 O-O 11. Na4 Qc7 12. d4 cxd4 13. Bxd4 b6 14. c4 d6 15. Nc3 Bd7 16. g3 Qb7 17. Bg2 Bc6 18. h4 Ne5 19. Qe2 Rad8 20. f4 Nd7 21. Nd5 Rfe8 22. Nxe7+ Rxe7 23. Rad1 e5 24. Bb2 exf4 25. gxf4 Rde8 26. Qg4 f5 27. Qxf5 Bxe4 28. Bxe4 Rxe4 29. Rxe4 Qxe4 30. Qxe4 Rxe4 31. Rxd6 Nc5 32. Be5 Re2 33. b4 Ne4 34. Rd7 Rxa2 35. Rxg7+ Kf8 36. Rxh7 Nd2 37. c5 Nf3+ 38. Kf1 bxc5 39. bxc5 Nxe5 40. fxe5 Rc2 41. Rc7 a5 42. c6 a4 43. Ra7 Rxc6 44. Rxa4 Rc2 45. Re4 Ke7 46. Kg1 Ke6 47. h5 Rc7 48. Kf2 Rh7 49. Ke3 Rxh5 50. Kd4 Rf5 51. Rh4 Rf1 52. Rh6+ Ke7 53. Rh7+ Ke6 54. Rh6+ Ke7 55. Rh4 Ke6 56. Rh6+ Ke7 57. Kd5 Rd1+ 58. Ke4 Re1+ 59. Kf4 Rf1+ 60. Kg5 Rg1+ 61. Kf5 Rf1+ 62. Ke4 Re1+ 63. Kf5 Rf1+ 64. Ke4 Re1+ 1/2-1/2

[Event "Crewe Open"]
[Site "Crewe"]
[Date "2025.06.27"]
[Round "1.2"]
[White "De Coverly, Roger D"]
[Black "Duxbury, Craig"]
[Result "1-0"]
[WhiteElo "1937"]
[BlackElo "2261"]
[PlyCount "50"]
[EventDate "2025.06.27"]
[EventType "swiss"]
[EventRounds "5"]
[EventCountry "ENG"]
[SourceTitle "BritBase"]
[Source "John Saunders"]
[SourceDate "2025.07.10"]
[SourceVersion "1"]
[SourceVersionDate "2025.07.10"]
[SourceQuality "1"]

1. e4 d5 2. exd5 Nf6 3. c4 e6 4. Nf3 exd5 5. d4 Be7 6. Bd3 O-O 7. O-O Bg4 8. Nc3 Nc6 9. cxd5 Nxd4 10. Bxh7+ Nxh7 11. Qxd4 Bxf3 12. gxf3 Qd7 13. Qg4 f5 14. Qc4 Bd6 15. Bf4 b5 16. Qd4 b4 17. Bxd6 Qxd6 18. Nb5 Qg6+ 19. Kh1 Qh5 20. Qf4 g5 21. Qg3 Qf7 22. Rac1 Qxd5 23. Nxc7 Qb7 24. Nxa8 Qxa8 25. h4 Kh8 1-0

[Event "Crewe Open"]
[Site "Crewe"]
[Date "2025.06.27"]
[Round "1.3"]
[White "Boswell, Jacob Connor"]
[Black "Van Kemenade, Rudy"]
[Result "1-0"]
[WhiteElo "2252"]
[BlackElo "1926"]
[PlyCount "73"]
[EventDate "2025.06.27"]
[EventType "swiss"]
[EventRounds "5"]
[EventCountry "ENG"]
[SourceTitle "BritBase"]
[Source "John Saunders"]
[SourceDate "2025.07.10"]
[SourceVersion "1"]
[SourceVersionDate "2025.07.10"]
[SourceQuality "1"]

1. d4 Nf6 2. c4 g6 3. Nf3 Bg7 4. g3 O-O 5. Bg2 d6 6. O-O Nc6 7. Nc3 e5 8. d5 Ne7 9. e4 Ne8 10. Be3 h6 11. Nh4 f5 12. exf5 gxf5 13. f4 e4 14. Bd4 Nf6 15. Bh3 c5 16. dxc6 bxc6 17. b4 d5 18. cxd5 cxd5 19. Qb3 Ng4 20. Ne2 Nc6 21. Bxg7 Kxg7 22. Bxg4 fxg4 23. b5 Qb6+ 24. Kh1 Ne7 25. Rfd1 Bd7 26. Nc3 d4 27. Qb4 Nf5 28. Nxf5+ Bxf5 29. Nd5 Qb7 30. Qxd4+ Kg6 31. Rac1 Rf7 32. Rc6+ Kh7 33. Nf6+ Kg7 34. Nxg4+ Kf8 35. Qh8+ Ke7 36. Qe5+ Kf8 37. Nxh6 1-0

[Event "Crewe Open"]
[Site "Crewe"]
[Date "2025.06.27"]
[Round "1.5"]
[White "Mitchell, Martin"]
[Black "Barwick, Carmel"]
[Result "1/2-1/2"]
[WhiteElo "2139"]
[BlackElo "1915"]
[PlyCount "117"]
[EventDate "2025.06.27"]
[EventType "swiss"]
[EventRounds "5"]
[EventCountry "ENG"]
[SourceTitle "BritBase"]
[Source "John Saunders"]
[SourceDate "2025.07.10"]
[SourceVersion "1"]
[SourceVersionDate "2025.07.10"]
[SourceQuality "1"]

1. d4 Nf6 2. c4 e6 3. Nc3 Bb4 4. Nf3 c5 5. g3 cxd4 6. Nxd4 O-O 7. Bg2 d5 8. cxd5 Nxd5 9. Bd2 Nxc3 10. bxc3 Bc5 11. O-O e5 12. Nb3 Bb6 13. c4 Nc6 14. Bxc6 bxc6 15. Bb4 Re8 16. Qd6 Qxd6 17. Bxd6 a5 18. c5 Bd8 19. Nd2 Ba6 20. Rfc1 e4 21. Nc4 Re6 22. a4 e3 23. f4 h6 24. Ra3 g6 25. Rc2 Be7 26. Bxe7 Rxe7 27. Rxe3 Rxe3 28. Nxe3 Re8 29. Ng4 Rxe2 30. Rxe2 Bxe2 31. Ne5 Bd1 32. Nxc6 Bxa4 33. Nxa5 Kf8 34. Kf2 Ke7 35. Ke3 Ke6 36. Nc4 g5 37. Kd4 gxf4 38. gxf4 Kf5 39. Ke3 Ke6 40. Ne5 f6 41. Ng4 h5 42. Nh6 Kd5 43. Ng8 Ke6 44. Nh6 f5 45. Kd4 Kf6 46. Kd5 Kg6 47. Ke5 Kxh6 48. Kxf5 Bc6 49. h4 Bf3 50. Kf6 Bc6 51. Ke6 Kg7 52. f5 Kf8 53. f6 Bb7 54. f7 Bc8+ 55. Kf6 Bb7 56. Kg6 Bf3 57. Kf6 Bb7 58. Ke6 Bf3 59. Kf6 1/2-1/2

[Event "Crewe Open"]
[Site "Crewe"]
[Date "2025.06.27"]
[Round "1.6"]
[White "Wareing, John P"]
[Black "Crawford, Owen"]
[Result "0-1"]
[WhiteElo "1914"]
[BlackElo "2124"]
[PlyCount "167"]
[EventDate "2025.06.27"]
[EventType "swiss"]
[EventRounds "5"]
[EventCountry "ENG"]
[SourceTitle "BritBase"]
[Source "John Saunders"]
[SourceDate "2025.07.10"]
[SourceVersion "1"]
[SourceVersionDate "2025.07.10"]
[SourceQuality "1"]

1. e4 c5 2. Nf3 e6 3. d4 cxd4 4. Nxd4 Nf6 5. Bd3 Nc6 6. c3 d6 7. O-O Be7 8. Be3 e5 9. Ne2 d5 10. f3 O-O 11. Nd2 Be6 12. a3 dxe4 13. Nxe4 Nd5 14. Bf2 b6 15. c4 Nc7 16. Qc2 f5 17. N4c3 Bc5 18. b4 Bxf2+ 19. Rxf2 Qf6 20. Raf1 Rad8 21. g4 g6 22. b5 Na5 23. Nd1 Nb7 24. Ng3 Nc5 25. Be2 Rd4 26. gxf5 gxf5 27. Rg2 Kh8 28. Ne3 Ne8 29. Nh5 Qh6 30. f4 Nd6 31. Qc3 Nde4 32. Qb2 Na4 33. Qb4 Nec3 34. Bf3 e4 35. Ng7 Rdd8 36. Bd1 Nxd1 37. Nxd1 Nc5 38. Qc3 Qf6 39. Nxe6 Nxe6 40. Qxf6+ Rxf6 41. Ne3 Rd3 42. Nd5 Rf7 43. Ra1 Nd4 44. a4 Nf3+ 45. Kh1 Rg7 46. Rc2 h5 47. Nb4 Ra3 48. Rd1 Rxa4 49. Nd5 Ra3 50. Nf6 Rd3 51. Ra1 e3 52. c5 Rd2 53. Rxd2 exd2 54. cxb6 Re7 55. Kg2 axb6 56. Ra8+ Kg7 57. Rd8 Re1 58. Nxh5+ Kf7 59. Kxf3 d1=Q+ 60. Rxd1 Rxd1 61. Ng3 Ke6 62. Ne2 Rd3+ 63. Kf2 Kd5 64. Ng3 Ke6 65. h4 Rb3 66. Ne2 Kf6 67. Nd4 Rd3 68. Nf3 Rd5 69. Ke3 Rxb5 70. h5 Rb3+ 71. Ke2 Rb4 72. Ke3 Re4+ 73. Kd3 Rxf4 74. Nd4 Rh4 75. Ne2 Rxh5 76. Nf4 Rh6 77. Ke3 Kg5 78. Nd5 Rd6 79. Nc7 f4+ 80. Ke4 Kg4 81. Nb5 Re6+ 82. Kd3 f3 83. Nc3 f2 84. Kd4 0-1

[Event "Crewe Open"]
[Site "Crewe"]
[Date "2025.06.27"]
[Round "1.7"]
[White "Vaidyanathan, Adithya"]
[Black "Cook, Michael Anthony"]
[Result "1-0"]
[WhiteElo "2111"]
[BlackElo "1911"]
[PlyCount "55"]
[EventDate "2025.06.27"]
[EventType "swiss"]
[EventRounds "5"]
[EventCountry "ENG"]
[SourceTitle "BritBase"]
[Source "John Saunders"]
[SourceDate "2025.07.10"]
[SourceVersion "1"]
[SourceVersionDate "2025.07.10"]
[SourceQuality "1"]

1. d4 d5 2. c4 c6 3. Nc3 Nf6 4. Nf3 e6 5. Bg5 dxc4 6. e4 b5 7. e5 h6 8. Bh4 g5 9. Bg3 Nh5 10. Be2 Nxg3 11. hxg3 Nd7 12. a4 Bb4 13. Qd2 Rg8 14. Rxh6 Bb7 15. Rh5 Qe7 16. Nxg5 O-O-O 17. Nge4 a6 18. O-O-O Nc5 19. Nd6+ Rxd6 20. exd6 Nb3+ 21. Kc2 Bxd6 22. Qe3 c5 23. dxc5 Bxc5 24. Qf4 f5 25. axb5 axb5 26. Bf3 Ba6 27. Rh6 Qg7 28. Rxe6 1-0

[Event "Crewe Open"]
[Site "Crewe"]
[Date "2025.06.27"]
[Round "1.8"]
[White "Layhe, Simon"]
[Black "Surtees, Michael J"]
[Result "0-1"]
[WhiteElo "1910"]
[BlackElo "2100"]
[PlyCount "74"]
[EventDate "2025.06.27"]
[EventType "swiss"]
[EventRounds "5"]
[EventCountry "ENG"]
[SourceTitle "BritBase"]
[Source "John Saunders"]
[SourceDate "2025.07.10"]
[SourceVersion "1"]
[SourceVersionDate "2025.07.10"]
[SourceQuality "1"]

1. e4 c6 2. d4 d5 3. Nc3 a6 4. Nf3 Bg4 5. Be2 Bxf3 6. Bxf3 e6 7. Bf4 Nf6 8. a3 b5 9. e5 Nfd7 10. O-O Nb6 11. b3 c5 12. Ne2 Nc6 13. Qd2 cxd4 14. Nxd4 Nxd4 15. Qxd4 Rc8 16. Qd3 g5 17. Bd2 Nd7 18. Rfe1 Bg7 19. Bh5 O-O 20. Qg3 h6 21. f4 f6 22. h4 gxh4 23. Qg6 Qb6+ 24. Be3 d4 25. Rad1 fxe5 26. Bxd4 exd4 27. Rxe6 Qc5 28. Bg4 Rf7 29. Rde1 Nf8 30. Re8 Rxe8 31. Rxe8 Rf6 32. Qd3 Qd6 33. f5 Rf7 34. Qe4 Bf6 35. Qa8 d3 36. Re4 dxc2 37. Qc8 Qd1+ 0-1

[Event "Crewe Open"]
[Site "Crewe"]
[Date "2025.06.27"]
[Round "1.9"]
[White "Chan, Sheng Liang Bernard"]
[Black "Sullivan, Daniel"]
[Result "1-0"]
[WhiteElo "2099"]
[BlackElo "1909"]
[PlyCount "87"]
[EventDate "2025.06.27"]
[EventType "swiss"]
[EventRounds "5"]
[EventCountry "ENG"]
[SourceTitle "BritBase"]
[Source "John Saunders"]
[SourceDate "2025.07.10"]
[SourceVersion "1"]
[SourceVersionDate "2025.07.10"]
[SourceQuality "1"]

1. d4 Nf6 2. c4 e6 3. Nc3 Bb4 4. e3 O-O 5. Bd2 d5 6. Rc1 a6 7. Nf3 Nbd7 8. c5 c6 9. Na4 Bxd2+ 10. Qxd2 Qc7 11. Qb4 e5 12. Be2 Re8 13. O-O e4 14. Nd2 Nf8 15. Nb6 Rb8 16. Nxc8 Rbxc8 17. Rc3 h5 18. Rb3 Re7 19. f3 exf3 20. Rxf3 Ne4 21. Nxe4 dxe4 22. Rf1 g6 23. Bc4 Kg7 24. Qe1 Nh7 25. Qh4 f5 26. Rb6 Qd8 27. Qg3 Qc7 28. Qh4 Qd8 29. h3 Rd7 30. Qf4 Qc7 31. Be6 Qxf4 32. Rxf4 Rcd8 33. Bxd7 Rxd7 34. d5 Rxd5 35. Rxb7+ Kh6 36. b4 Rd3 37. Rb6 Nf6 38. Rxc6 Nd5 39. Rxf5 Ne7 40. Rff6 Nxc6 41. Rxc6 Rxe3 42. Rxa6 Rc3 43. Re6 Kg5 44. Rxe4 1-0

[Event "Crewe Open"]
[Site "Crewe"]
[Date "2025.06.27"]
[Round "1.10"]
[White "Vassiliou, Chris"]
[Black "Zak, Kamil"]
[Result "1/2-1/2"]
[WhiteElo "1909"]
[BlackElo "2090"]
[PlyCount "65"]
[EventDate "2025.06.27"]
[EventType "swiss"]
[EventRounds "5"]
[EventCountry "ENG"]
[SourceTitle "BritBase"]
[Source "John Saunders"]
[SourceDate "2025.07.10"]
[SourceVersion "1"]
[SourceVersionDate "2025.07.10"]
[SourceQuality "1"]

1. d4 d5 2. c4 c6 3. Nf3 Nf6 4. Nc3 dxc4 5. a4 Bf5 6. e3 e6 7. Bxc4 Nbd7 8. O-O Bd6 9. Qe2 Ne4 10. Nxe4 Bxe4 11. Bd3 Bxd3 12. Qxd3 O-O 13. e4 Nc5 14. Qe3 Na6 15. Bd2 Nb4 16. Qb3 a5 17. Rfd1 Re8 18. g3 Rc8 19. Kg2 c5 20. dxc5 Bxc5 21. Be3 Qb6 22. Bxc5 Rxc5 23. Rac1 Rec8 24. Rxc5 Rxc5 25. Qe3 Qc7 26. Qxc5 Qxc5 27. Rd8+ Qf8 28. Rxf8+ Kxf8 29. Nd2 Nd3 30. b3 Nc5 31. Kf3 Ke7 32. e5 Kd7 33. Ke3 1/2-1/2

[Event "Crewe Open"]
[Site "Crewe"]
[Date "2025.06.27"]
[Round "1.11"]
[White "White, Stuart A"]
[Black "Vaidyanathan, Sathya"]
[Result "1-0"]
[WhiteElo "2084"]
[BlackElo "1878"]
[PlyCount "77"]
[EventDate "2025.06.27"]
[EventType "swiss"]
[EventRounds "5"]
[EventCountry "ENG"]
[SourceTitle "BritBase"]
[Source "John Saunders"]
[SourceDate "2025.07.10"]
[SourceVersion "1"]
[SourceVersionDate "2025.07.10"]
[SourceQuality "1"]

1. c4 c5 2. g3 g6 3. Bg2 Bg7 4. Nc3 Nc6 5. Nf3 e5 6. a3 Nge7 7. d3 O-O 8. Nd2 f5 9. Rb1 d6 10. b4 cxb4 11. axb4 Nd4 12. e3 Ne6 13. Nd5 a6 14. O-O Rb8 15. b5 Nxd5 16. Bxd5 axb5 17. cxb5 Kh8 18. Ba3 Nc7 19. Qb3 Qf6 20. Bg2 Rd8 21. Rfc1 Ne8 22. Bd5 Bf8 23. b6 Ng7 24. Rc7 Be6 25. Rbc1 h5 26. h4 Bxd5 27. Qxd5 Qe6 28. Qb5 Qe8 29. Qxe8 Nxe8 30. Bb4 Nf6 31. Rf7 Nd5 32. Rxf8+ Rxf8 33. Bxd6 Nxb6 34. Bxe5+ Kg8 35. Bxb8 Rxb8 36. Nf3 Na4 37. Ne5 Kg7 38. Rc7+ Kf6 39. Nd7+ 1-0

[Event "Crewe Open"]
[Site "Crewe"]
[Date "2025.06.27"]
[Round "1.12"]
[White "Ellson, Louie"]
[Black "Burnett, James"]
[Result "1/2-1/2"]
[WhiteElo "1855"]
[BlackElo "2080"]
[PlyCount "66"]
[EventDate "2025.06.27"]
[EventType "swiss"]
[EventRounds "5"]
[EventCountry "ENG"]
[SourceTitle "BritBase"]
[Source "John Saunders"]
[SourceDate "2025.07.10"]
[SourceVersion "1"]
[SourceVersionDate "2025.07.10"]
[SourceQuality "1"]

1. d4 d5 2. c4 e6 3. Nc3 c6 4. Nf3 dxc4 5. e3 b5 6. a4 Bb4 7. Bd2 a5 8. Ne4 Bxd2+ 9. Nfxd2 Nf6 10. b3 Nxe4 11. Nxe4 cxb3 12. axb5 a4 13. Ra3 Qa5+ 14. Qd2 Bd7 15. Qxa5 Rxa5 16. b6 Na6 17. Bxa6 Rxa6 18. b7 Rb6 19. Rxa4 Ke7 20. Ra8 Rd8 21. Kd2 Rxb7 22. Rxd8 Kxd8 23. Nc5 Rb5 24. f4 f6 25. Kc3 e5 26. Rb1 exf4 27. exf4 Bf5 28. Rxb3 Rxb3+ 29. Kxb3 Kc7 30. Kc4 Kd6 31. Nb7+ Kc7 32. Nc5 Kd6 33. Nb7+ Kc7 1/2-1/2

[Event "Crewe Open"]
[Site "Crewe"]
[Date "2025.06.27"]
[Round "1.13"]
[White "Arnott, Jonathan W"]
[Black "Rughani, Mahin"]
[Result "1-0"]
[WhiteElo "2059"]
[BlackElo "1854"]
[PlyCount "53"]
[EventDate "2025.06.27"]
[EventType "swiss"]
[EventRounds "5"]
[EventCountry "ENG"]
[SourceTitle "BritBase"]
[Source "John Saunders"]
[SourceDate "2025.07.10"]
[SourceVersion "1"]
[SourceVersionDate "2025.07.10"]
[SourceQuality "1"]

1. e4 c6 2. Nf3 d5 3. exd5 cxd5 4. Ne5 Nf6 5. Bb5+ Nbd7 6. O-O g6 7. d4 Bg7 8. Nc3 O-O 9. Bg5 Nb6 10. a4 a6 11. Bd3 Be6 12. Qe2 Qd6 13. Ra3 Ne4 14. Bf4 Nxc3 15. Rxc3 Qb4 16. Nf3 Nd7 17. Rb3 Qxa4 18. Ng5 Bxd4 19. Nxe6 fxe6 20. Qxe6+ Kh8 21. Bg3 Qc6 22. Qxe7 Rae8 23. Qb4 Qf6 24. Qd6 Bxf2+ 25. Rxf2 Re1+ 26. Bf1 Rxf1+ 27. Kxf1 1-0

[Event "Crewe Open"]
[Site "Crewe"]
[Date "2025.06.27"]
[Round "1.14"]
[White "Ashton, Alannah"]
[Black "Jackson, Oliver A"]
[Result "1-0"]
[WhiteElo "1846"]
[BlackElo "2054"]
[PlyCount "85"]
[EventDate "2025.06.27"]
[EventType "swiss"]
[EventRounds "5"]
[EventCountry "ENG"]
[SourceTitle "BritBase"]
[Source "John Saunders"]
[SourceDate "2025.07.10"]
[SourceVersion "1"]
[SourceVersionDate "2025.07.10"]
[SourceQuality "1"]

1. e4 c5 2. Nf3 e6 3. d4 cxd4 4. Nxd4 a6 5. c4 Nf6 6. Nc3 Qc7 7. Be2 b6 8. O-O Bb7 9. f3 Nc6 10. Kh1 h5 11. Be3 Ne5 12. Rc1 Be7 13. Bg1 d6 14. b4 h4 15. f4 Ned7 16. Bf3 g6 17. f5 e5 18. Nd5 Qd8 19. fxg6 exd4 20. e5 Nxd5 21. gxf7+ Kf8 22. e6 Ne5 23. Bxd5 Bxd5 24. cxd5 d3 25. Bd4 h3 26. Bxe5 hxg2+ 27. Kxg2 dxe5 28. Qxd3 Qd6 29. Qe4 Rh4 30. Qg6 Qxd5+ 31. Rf3 Rh8 32. Rc2 Rd8 33. Rcf2 Bh4 34. Re2 Rd6 35. Re4 Rxe6 36. Qf5 Be7 37. h3 Qd2+ 38. Rf2 Qh6 39. Rf3 Rf6 40. Qxe5 Rxf3 41. Qxe7+ Kg7 42. Rg4+ Qg6 43. f8=Q# 1-0

[Event "Crewe Open"]
[Site "Crewe"]
[Date "2025.06.27"]
[Round "1.16"]
[White "Hilditch-Love, Daniel"]
[Black "Larchikov, Maksym"]
[Result "1-0"]
[WhiteElo "1832"]
[BlackElo "2032"]
[PlyCount "83"]
[EventDate "2025.06.27"]
[EventType "swiss"]
[EventRounds "5"]
[EventCountry "ENG"]
[SourceTitle "BritBase"]
[Source "John Saunders"]
[SourceDate "2025.07.10"]
[SourceVersion "1"]
[SourceVersionDate "2025.07.10"]
[SourceQuality "1"]

1. d4 Nf6 2. g3 e6 3. Bg2 d5 4. c4 Be7 5. Nf3 O-O 6. O-O dxc4 7. Ne5 Nc6 8. Nxc6 bxc6 9. Bxc6 Rb8 10. Nc3 Nd5 11. Qa4 Rb6 12. Bb5 a6 13. Bc6 Nb4 14. Be4 Bd7 15. Qd1 Bc6 16. Bb1 Ba8 17. a3 Nd5 18. Qc2 Nf6 19. e4 g6 20. Rd1 Qc8 21. Ba2 c5 22. Bh6 Rd8 23. dxc5 Bxc5 24. Rxd8+ Qxd8 25. Bg5 h6 26. Bf4 Ng4 27. Nd1 Rc6 28. h3 Nf6 29. Bxh6 Rc8 30. Nc3 Bd4 31. Re1 Qb6 32. Be3 Bxe3 33. Rxe3 Nd7 34. Qe2 Ne5 35. f4 Nd3 36. Kh2 Qxb2 37. Na4 Qxa3 38. Nb6 Nc1 39. Rxa3 Nxe2 40. Nxc8 c3 41. Bb1 Bc6 42. Ne7+ 1-0

[Event "Crewe Open"]
[Site "Crewe"]
[Date "2025.06.27"]
[Round "1.17"]
[White "Varley, Joe"]
[Black "Richmond, Frank"]
[Result "1-0"]
[WhiteElo "2018"]
[BlackElo "1811"]
[PlyCount "88"]
[EventDate "2025.06.27"]
[EventType "swiss"]
[EventRounds "5"]
[EventCountry "ENG"]
[SourceTitle "BritBase"]
[Source "John Saunders"]
[SourceDate "2025.07.10"]
[SourceVersion "1"]
[SourceVersionDate "2025.07.10"]
[SourceQuality "1"]

1. e4 e6 2. d4 d5 3. Nd2 c5 4. Ngf3 cxd4 5. Nxd4 Nc6 6. Bb5 Bd7 7. Nxc6 Bxc6 8. Qe2 Nf6 9. O-O dxe4 10. Bxc6+ bxc6 11. Nxe4 Nxe4 12. Qxe4 Qd5 13. Qg4 Qf5 14. Qxf5 exf5 15. Re1+ Kd7 16. Bf4 Rd8 17. Re5 Bd6 18. Rxf5 Ke6 19. g4 f6 20. Re1+ Kf7 21. Bxd6 Rxd6 22. Ra5 Rd7 23. Ra6 Rb8 24. b3 Rb6 25. Ra4 c5 26. Ree4 g6 27. Ra5 Rc6 28. Rc4 Rdc7 29. Rca4 Ke6 30. Rxa7 h5 31. Rxc7 Rxc7 32. Re4+ Kd5 33. f3 hxg4 34. Rxg4 g5 35. Kf2 Rh7 36. Kg3 Re7 37. Re4 Ra7 38. a4 f5 39. Rc4 Rh7 40. h3 Ra7 41. f4 Rg7 42. fxg5 Rxg5+ 43. Kf3 Rg1 44. h4 Rh1 1-0

[Event "Crewe Open"]
[Site "Crewe"]
[Date "2025.06.27"]
[Round "1.18"]
[White "Pyda, Arjun"]
[Black "Gomez, Daniel"]
[Result "0-1"]
[WhiteElo "1810"]
[BlackElo "2009"]
[PlyCount "110"]
[EventDate "2025.06.27"]
[EventType "swiss"]
[EventRounds "5"]
[EventCountry "ENG"]
[SourceTitle "BritBase"]
[Source "John Saunders"]
[SourceDate "2025.07.10"]
[SourceVersion "1"]
[SourceVersionDate "2025.07.10"]
[SourceQuality "1"]

1. e4 e6 2. d4 d5 3. Bd3 dxe4 4. Bxe4 Nf6 5. Bf3 c5 6. Ne2 Nc6 7. Be3 cxd4 8. Nxd4 Ne5 9. Qe2 a6 10. O-O Be7 11. Nc3 O-O 12. Rfd1 Qc7 13. Nb3 Nxf3+ 14. Qxf3 e5 15. h3 Be6 16. Rac1 b5 17. Bg5 Rad8 18. Bxf6 Bxf6 19. Nd5 Rxd5 20. Rxd5 e4 21. Qxe4 Bxd5 22. Qxd5 Bxb2 23. Rd1 Qxc2 24. Nc5 a5 25. Nd7 Re8 26. Rd3 Qc4 27. Re3 Rc8 28. Qb7 g6 29. Re4 Qc1+ 30. Kh2 Qc7+ 31. Qxc7 Rxc7 32. Re8+ Kg7 33. Nb6 Rc2 34. f4 Bc1 35. Re4 Rxa2 36. Kg3 b4 37. Nc4 b3 38. Re7 Ba3 39. Rb7 Bb4 40. Nxa5 Bxa5 41. Rxb3 Be1+ 42. Kh2 Rf2 43. Re3 Bd2 44. Rd3 Bxf4+ 45. Kg1 Rd2 46. Rf3 Bd6 47. Rc3 h5 48. g3 Ra2 49. Rd3 Bc5+ 50. Kh1 Ra3 51. Rd5 Bf2 52. g4 hxg4 53. hxg4 Rg3 54. g5 Be3 55. Rd3 Bf4 0-1

[Event "Crewe Open"]
[Site "Crewe"]
[Date "2025.06.27"]
[Round "1.20"]
[White "Woozeer, Seth"]
[Black "Turner, Lewis A"]
[Result "1/2-1/2"]
[WhiteElo "1711"]
[BlackElo "1996"]
[PlyCount "72"]
[EventDate "2025.06.27"]
[EventType "swiss"]
[EventRounds "5"]
[EventCountry "ENG"]
[SourceTitle "BritBase"]
[Source "John Saunders"]
[SourceDate "2025.07.10"]
[SourceVersion "1"]
[SourceVersionDate "2025.07.10"]
[SourceQuality "1"]

1. e4 c5 2. Nf3 d6 3. d4 cxd4 4. Nxd4 Nf6 5. Nc3 g6 6. Be3 Bg7 7. f3 O-O 8. Qd2 Nc6 9. O-O-O d5 10. Nxc6 bxc6 11. Bc4 Rb8 12. Bb3 a5 13. exd5 cxd5 14. Nxd5 Nxd5 15. Qxd5 Qxd5 16. Rxd5 a4 17. Bxa4 Bxb2+ 18. Kd2 Be6 19. Rd3 Bxa2 20. Bb3 Bxb3 21. Rxb3 Rfd8+ 22. Rd3 Be5 23. h3 Rdc8 24. Bd4 Bf4+ 25. Be3 Bd6 26. Bd4 Rc4 27. Ra1 Rbc8 28. Ra2 f6 29. Be3 Kf7 30. Rd4 R4c6 31. Rda4 Be5 32. Ra6 Rc4 33. R6a4 Rd8+ 34. Ke2 Rc6 35. Ra6 Rc4 36. R6a4 Rc6 1/2-1/2

[Event "Crewe Open"]
[Site "Crewe"]
[Date "2025.06.27"]
[Round "1.21"]
[White "Ackley, Peter JE"]
[Black "Dissanayake, Sathsara"]
[Result "1/2-1/2"]
[WhiteElo "1976"]
[BlackElo "1709"]
[PlyCount "81"]
[EventDate "2025.06.27"]
[EventType "swiss"]
[EventRounds "5"]
[EventCountry "ENG"]
[SourceTitle "BritBase"]
[Source "John Saunders"]
[SourceDate "2025.07.10"]
[SourceVersion "1"]
[SourceVersionDate "2025.07.10"]
[SourceQuality "1"]

1. g3 Nf6 2. Bg2 g6 3. f4 d5 4. Nf3 Bg7 5. O-O O-O 6. d3 c5 7. Nc3 Nc6 8. e4 d4 9. Ne2 e5 10. f5 Ne8 11. g4 Nd6 12. Bd2 f6 13. Ng3 g5 14. h4 h6 15. Nh5 c4 16. Qe2 Qb6 17. Rfb1 cxd3 18. cxd3 Bd7 19. hxg5 hxg5 20. Ne1 Rac8 21. Bf3 Nb4 22. Bxb4 Qxb4 23. Rc1 Bb5 24. a3 Qa5 25. b4 Qa4 26. Qa2+ Kh7 27. Bd1 Qa6 28. Qe6 Rce8 29. Qb3 Rc8 30. a4 Be8 31. Rxc8 Nxc8 32. Nxg7 Kxg7 33. Rc1 Bf7 34. Rc7 Qd6 35. Qc4 Qd8 36. Qc5 b6 37. Qc6 Kg8 38. Qd7 Qxd7 39. Rxd7 Re8 40. Kf2 Re7 41. Rd8+ 1/2-1/2

[Event "Crewe Open"]
[Site "Crewe"]
[Date "2025.06.27"]
[Round "1.22"]
[White "James, Lucas"]
[Black "Bennett, Patrick"]
[Result "0-1"]
[WhiteElo "1695"]
[BlackElo "1970"]
[PlyCount "56"]
[EventDate "2025.06.27"]
[EventType "swiss"]
[EventRounds "5"]
[EventCountry "ENG"]
[SourceTitle "BritBase"]
[Source "John Saunders"]
[SourceDate "2025.07.10"]
[SourceVersion "1"]
[SourceVersionDate "2025.07.10"]
[SourceQuality "1"]

1. e4 d6 2. d4 Nf6 3. Bg5 Nxe4 4. Nf3 c5 5. dxc5 Qa5+ 6. Nbd2 Nc6 7. Bd3 Nxg5 8. Nxg5 Qxc5 9. Nde4 Qa5+ 10. c3 g6 11. Qb3 d5 12. O-O-O h6 13. Nf6+ exf6 14. Rhe1+ Be7 15. Be4 hxg5 16. Bxd5 Be6 17. Bxe6 fxe6 18. Qxe6 Qf5 19. Qb3 b6 20. Rd5 Ne5 21. Qb5+ Kf7 22. Rdxe5 fxe5 23. Rxe5 Qf4+ 24. Kb1 Rhd8 25. Qb3+ Kf8 26. Re3 Qf5+ 27. Ka1 Qd5 28. Rf3+ Kg7 0-1

[Event "Crewe Open"]
[Site "Crewe"]
[Date "2025.06.27"]
[Round "1.23"]
[White "Vaddhireddy, Sai"]
[Black "Om Reddy Jayar"]
[Result "1-0"]
[WhiteElo "1946"]
[BlackElo "1614"]
[PlyCount "109"]
[EventDate "2025.06.27"]
[EventType "swiss"]
[EventRounds "5"]
[EventCountry "ENG"]
[SourceTitle "BritBase"]
[Source "John Saunders"]
[SourceDate "2025.07.10"]
[SourceVersion "1"]
[SourceVersionDate "2025.07.10"]
[SourceQuality "1"]

1. d4 d5 2. c4 c6 3. cxd5 cxd5 4. Bf4 Nf6 5. e3 Nc6 6. Nc3 a6 7. Be2 Bf5 8. Nf3 Nh5 9. Be5 e6 10. Qb3 Bb4 11. O-O f6 12. Bg3 Bg6 13. Na4 Nxg3 14. hxg3 O-O 15. Rac1 Qe7 16. Nc5 Bxc5 17. Rxc5 Bf7 18. Qc3 e5 19. dxe5 fxe5 20. Bd1 Rfd8 21. Re1 Rd6 22. Ba4 e4 23. Nd4 Nxd4 24. Qxd4 Rad8 25. Rec1 b5 26. Bb3 Qf6 27. Rd1 Qxd4 28. Rxd4 Kf8 29. Kf1 Ke7 30. Ke1 R8d7 31. Kd2 Kd8 32. Kc3 Rc7 33. Rxc7 Kxc7 34. Kb4 Kb6 35. a3 Rc6 36. Bxd5 a5+ 37. Kb3 a4+ 38. Ka2 Bxd5+ 39. Rxd5 Rf6 40. Rd2 Kc5 41. b3 axb3+ 42. Kxb3 h5 43. Rc2+ Kb6 44. Kb4 Rf5 45. Rd2 Kc6 46. Ka5 g5 47. Rc2+ Rc5 48. Rb2 g4 49. Kb4 Rc4+ 50. Kb3 Rc5 51. Rc2 Kb6 52. Rxc5 Kxc5 53. Kc3 Kb6 54. Kb4 Ka6 55. a4 1-0

[Event "Crewe Open"]
[Site "Crewe"]
[Date "2025.06.27"]
[Round "2.1"]
[White "Varley, Joe"]
[Black "Boswell, Jacob Connor"]
[Result "0-1"]
[WhiteElo "2018"]
[BlackElo "2252"]
[PlyCount "54"]
[EventDate "2025.06.27"]
[EventType "swiss"]
[EventRounds "5"]
[EventCountry "ENG"]
[SourceTitle "BritBase"]
[Source "John Saunders"]
[SourceDate "2025.07.10"]
[SourceVersion "1"]
[SourceVersionDate "2025.07.10"]
[SourceQuality "1"]

1. e4 c5 2. Nf3 d6 3. g3 Nf6 4. d3 g6 5. Bg2 Nc6 6. O-O Bg7 7. a4 O-O 8. Bd2 e5 9. Na3 h6 10. Nc4 Be6 11. Re1 Qc7 12. Bc3 Rae8 13. b3 Kh7 14. Nfd2 Nd7 15. Bb2 f5 16. exf5 gxf5 17. Ne3 Nf6 18. Bh3 Qd7 19. Qf3 Ng8 20. Nd5 e4 21. dxe4 Bxb2 22. Rab1 Be5 23. Qd3 Kh8 24. Nf3 fxe4 25. Bxe6 Qxe6 26. Rxe4 Rxf3 27. Qxf3 Qxd5 0-1